000 00158nam a22000857a 4500
082 _a621.18GRE
100 _aGreen
245 _aTheory of machine
942 _cBK
999 _c15357
_d15357